| 000 | 01044nam a2200265Ia 4500 | ||
|---|---|---|---|
| 003 | OSt | ||
| 005 | 20221005103826.0 | ||
| 006 | a|||||r|||| 00| 0 | ||
| 007 | ta | ||
| 008 | 221004b |||||||| |||| 00| 0 hin d | ||
| 020 |
_a9788178542539 (hbk) _c800 |
||
| 024 | _a8573 | ||
| 037 |
_b238, 17/12/2013, Eastern Book Linkers _cTextual |
||
| 040 |
_aCRL _cCRL _bhin |
||
| 041 |
_2hin _ahin |
||
| 082 | _aO15:gxD91:g, 152Q3 | ||
| 100 | _aढेंगुला, मयंक | ||
| 245 | 0 | _aराजशेखर की कृतियों का आलोचनात्मक अध्ययन | |
| 246 | _aRājashekhar kī kṛutiyoan kā ālochanātmak adhyayana | ||
| 260 |
_aदिल्ली _bईस्टर्न बुक लिंकर्स भारत _c2013 |
||
| 300 |
_a258पृ0 _ccm. |
||
| 650 | _aहिन्दी साहित्य | ||
| 942 |
_hO15:gxD91:g, 152Q3 _cTEXL _2cc |
||
| 999 |
_c1011025 _d1011025 |
||